En busca del pasado: descifrando el registro arqueológico

Guardat en:
Dades bibliogràfiques
Autor principal: Binford, Lewis R (Autor)
Format: Llibre
Idioma:espanyol
Publicat: Barcelona Crítica 1994
Edició:3a. ed
Col·lecció:Crítica - Arqueología
Matèries:
Etiquetes: Afegir etiqueta
Sense etiquetes, Sigues el primer a etiquetar aquest registre!

MARC

LEADER 00000nam a2200000 a 4500
001 UCM0437
003 CL-VaPUC
008 020301e19940400SP |||||||||||||||||spa|d
082 0 4 |a 930.1  |b BIN  |2 21 
100 0 |a Binford, Lewis R  |e author  |9 467212 
245 1 0 |a En busca del pasado: descifrando el registro arqueológico 
250 |a 3a. ed 
300 |a 283 p 
942 |c BK 
945 |d 20020301 00:00:00  |a cmena 
260 |a Barcelona  |b Crítica  |c 1994 
650 0 |a Arqueología   |9 265619 
650 7 |a EXCAVACIONES ARQUEOLOGICAS  |2 CL-VaPUC  |9 310948 
650 0 |a Investigación científica  |9 259857 
583 |a last modification  |c 20020301 00:00:00  |k Rodrigo Vera 
490 0 |a Crítica - Arqueología 
999 |c 299343  |d 299341 
952 |0 0  |1 0  |4 0  |6 930_100000000000000_BIN_1994  |7 0  |8 A  |9 355828  |a BIBHIS  |b BIBHIS  |d 2019-11-21  |i 3793583  |o 930.1 BIN 1994  |p 3793583  |r 2025-01-20  |w 2019-11-21  |y BK  |k HIS